| 000 | 00537nam a2200205 i 4500 | ||
|---|---|---|---|
| 001 | bg | ||
| 100 | 1 | _aTRAUTWEIN, Hermann | |
| 245 | 0 |
_aDeutsch im technischen Sprachbereich : _bein Lehr- und Übungsbuch / _cHermann Trautwein. |
|
| 250 | _a4. Aufl. | ||
| 260 |
_aDusseldorf : _bVDI, _c1980. |
||
| 650 | 9 | _aJęzyk niemiecki | |
| 655 | _aPodręczniki | ||
| 020 | _a3184004813 | ||
| 040 | _cBPK | ||
| 041 | _apol | ||
| 080 | _a811.112.2(07) | ||
| 920 | _a3-18-400481-3 | ||
| 942 | _cKS | ||
| 008 | s pl f |000 0 pol | ||
| 999 |
_c22651 _d22651 |
||
| 856 |
_uhttp://koha.tu.koszalin.pl/cgi-bin/koha/opac-detail.pl?biblionumber=22651 _yKatalog online BPK |
||